000 01224nam a22003017a 4500
001 6364
003 FISKH
005 20250424095643.0
008 250424b cb ||||| |||| 00| 0 eng d
020 _a9781741797152
040 _aFISKH
_beng
_cFISKH
_dFISKH
050 _aDS556.25 .F56
082 _a915.970444
100 _aRay, Nick
245 _aVietnam /
_cThis edition written and researched by Lain Stewart, Brett Atkinson, Peter Dragicevich and Nick Ray
260 _aFort Mill :
_bLonely Planet Publications Pty Ltd ,
_c2012.
300 _a551 pages :
_bcolor illustrations , maps ;
_c20 cm .
490 _aLonely Planet
505 _aZ
520 _aLonely Planet's Vietnam is our most comprehensive guide that extensively covers all the country has to offer, with recommendations for both popular and lesser-known experiences. Kayak through Halong Bay, sample street food in Hanoi and immerse yourself in a rich history; all with your trusted travel companion.
521 8 _a1000
_bLexile
521 8 _aZ
_bRaz-Plus
650 _aLonely Planet
_vNon-fiction
650 _aTravel guide
_vNon-fiction
700 _aStewart, Lain
_eIllustrator
942 _2ddc
_cBK
_n0
999 _c6364
_d6364